Deutschland: Bundesländer nach Abkürzung - Statistiken

Allgemein
  • Dieses Quiz wurde 265 mal gespielt
    204 seit der letzten Aktualisierung
  • Das Durchschnittsergebnis liegt bei 13 aus 16
Antworten auf der Karte
Die Antworten werden auf der Karte rot bzw. grün angezeigt, abhängig davon wie oft sie richtig erraten wurden.
 
Antwortstatistiken
Abk. Bundesland % Korrekt
BE Berlin
93%
BY Bayern
93%
NW Nordrhein-Westfalen
93%
SH Schleswig-Holstein
93%
BW Baden-Württemberg
90%
TH Thüringen
88%
HH Hamburg
87%
HE Hessen
86%
HB Bremen
85%
MV Mecklenburg-Vorpommern
85%
RP Rheinland-Pfalz
84%
BB Brandenburg
83%
NI Niedersachsen
81%
SL Saarland
76%
SN Sachsen
71%
ST Sachsen-Anhalt
48%
Keine übereinstimmenden Quizze gefunden
Verteilung der Resultate
Anzahl Personen mit jedem Resultat
Perzentil nach korrekt beantworteten Fragen
Ihre Resultats-Entwicklung
Sie haben dieses Quiz seit der letzten Aktualisierung nicht gespielt